|
|
|
|
| LEADER |
00738nta a2200205 i 4500 |
| 001 |
dipl108335 |
| 005 |
20210310083154.0 |
| 008 |
210310s2020 hu om 0|| zxx d |
| 040 |
|
|
|a SZTE Diploma Repozitórium
|b hun
|
| 041 |
|
|
|a zxx
|
| 100 |
1 |
|
|a Somoskövi Tamás
|
| 245 |
1 |
0 |
|a Fogyasztói magatartása vendéglátásban
|h [elektronikus dokumentum] /
|c Tamás Somoskövi
|
| 246 |
1 |
0 |
|a Consumer behaviour in hospitality
|h [elektronikus dokumentum]
|
| 260 |
|
|
|c 2020
|
| 650 |
|
4 |
|a Gazdaságtudományok
|
| 650 |
|
4 |
|a Social sciences
|
| 650 |
|
4 |
|a Economics and business
|
| 650 |
|
4 |
|a Business and management
|
| 700 |
1 |
|
|a Révész Balázs
|e ths
|
| 856 |
4 |
0 |
|u http://diploma.bibl.u-szeged.hu/id/eprint/108335/1/2020_somoskovi_tamas.pdf
|z Dokumentum-elérés
|